Llwytho...

Domestic transportation : practice, theory and policy /

Manylion Llyfryddiaeth
Prif Awdur: Sampson, Roy J.
Awduron Eraill: Farris, Martin T.
Fformat: Printed Book
Iaith:English
Cyhoeddwyd: Boston : Houghton Miffin Co., 1975.
LEADER 00721nam a22001577a 4500
008 170925b xxu||||| |||| 00| 0 eng d
999 |c 164555  |d 164555 
082 |a 385.0973  
100 |a Sampson, Roy J. 
245 |a Domestic transportation :   |c Roy J. Sampson and Martin T. Farris  |b practice, theory and policy / 
260 |b Houghton Miffin Co.,  |c 1975.  |a Boston : 
300 |a 521 p. 
700 |a Farris, Martin T. 
942 |c BK 
952 |0 0  |1 0  |4 0  |6 385_097300000000000_SAM_D  |7 0  |8 SEC  |9 180864  |a CMS  |b CMS  |c ST1  |d 2017-09-25  |i 4216  |l 0  |o 385.0973 SAM/D  |p CMS4216  |r 2017-09-25  |w 2017-09-25  |y BK 
952 |0 0  |1 0  |4 0  |6 385_097300000000000_SAM_D  |7 0  |8 SEC  |9 180865  |a CMS  |b CMS  |c ST1  |d 2017-11-24  |i 1900  |l 0  |o 385.0973 SAM/D  |p CMS1900  |r 2017-11-24  |w 2017-11-24  |y BK